UK Birds by Picture (Tern, Auk and Skua Special) - Statistics

General Stats
  • This quiz has been taken 24 times
  • The average score is 13 of 16
Answer Stats
Picture Answer % Correct
Common Tern
100%
Puffin
100%
Razorbill
100%
Sandwich Tern
95%
Arctic Tern
90%
Black Guillemot
90%
Black Tern
90%
Little Auk
90%
Little Tern
86%
Roseate Tern
76%
Arctic Skua
71%
Common Guillemot
71%
Great Skua
67%
Pomarine Skua
62%
Long-Tailed Skua
57%
White-Winged Tern
43%
No matching quizzes found
Score Distribution
Percent of People with Each Score
Percentile by Number Answered
Your Score History
You have not taken this quiz